000 00251nam a2200109Ia 4500
008 201217s9999 xx 000 0 und d
100 _aRawson, K J, Tupper,E.C
245 0 _aBasic Ship Theory
260 _aLondon
_bLongman
300 _a623
942 _cBK
999 _c8157
_d8157